Подробности
| 000 -МАРКЕР |
| контрольное поле |
03241nam0a22005171 4500 |
| 001 - ИДЕНТИФИКАТОР ЗАПИСИ |
| контрольное поле |
v19\rc\2100274 |
| 005 - ИДЕНТИФИКАТОР ВЕРСИИ |
| контрольное поле |
20260408063647.0 |
| 035 ## - ДРУГИЕ СИСТЕМНЫЕ НОМЕРА |
| Идентификатор записи |
(NLR Aleph) 005184187 |
| 100 ## - ДАННЫЕ ОБЩЕЙ ОБРАБОТКИ |
| Данные общей обработки |
20090914d1813 m y0rusy50 ca |
| 101 1# - ЯЗЫК РЕСУРСА |
| Язык текста, звукозаписи и т.д. |
русский |
| Язык оригинала |
французский |
| 102 ## - СТРАНА ПУБЛИКАЦИИ ИЛИ ПРОИЗВОДСТВА |
| Страна публикации |
российская федерация |
| 140 ## - ПОЛЕ КОДИРОВАННЫХ ДАННЫХ: СТАРОПЕЧАТНЫЕ ИЗДАНИЯ - ОБЩАЯ ИНФОРМАЦИЯ |
| Кодированные данные о старопечатном издании - Основные |
y y ma eayaa0000 |
| 200 1# - ЗАГЛАВИЕ И СВЕДЕНИЯ ОБ ОТВЕТСТВЕННОСТИ |
| Основное заглавие |
Пажи герцога Вандомскаго. |
| Сведения, относящиеся к заглавию |
Опера водевиль в одном действии. |
| Первые сведения об ответственности |
Соч. Дюпати и Диелафуа |
| Последующие сведения об ответственности |
Перевел с французскаго. Яков Лизогуб |
| 210 ## - ПУБЛИКАЦИЯ, РАСПРОСТРАНЕНИЕ И ДР. |
| Место издания, распространения и т.д. |
Санктпетербург |
| Имя издателя, распространителя и т. д. |
в типографии Иос. Иоаннесова |
| Дата издания, распространения и т.д. |
1813 |
| 215 ## - ФИЗИЧЕСКАЯ ХАРАКТЕРИСТИКА |
| Специфическое обозначение материала и объем |
[4], 80 с. |
| Размеры |
12° |
| 300 ## - ОБЩИЕ ПРИМЕЧАНИЯ |
| Текст примечания |
Ценз.: И.О. Тимковский, 28 марта 1813 г. |
| 300 ## - ОБЩИЕ ПРИМЕЧАНИЯ |
| Текст примечания |
Представление пьесы состоялось в С.-Петербурге 10 февр. 1813 г. |
| 300 ## - ОБЩИЕ ПРИМЕЧАНИЯ |
| Текст примечания |
На с.[3] стихотвор. посвящ. пер. своей сестре С.И. Лизлгуб. Дата: 9 дек. 1812 г. |
| 300 ## - ОБЩИЕ ПРИМЕЧАНИЯ |
| Текст примечания |
Дюпати в качестве автора указан ошибочно. В действительности авт.: Диелафуа, Мишель и Жерсен, Н. (Источник - Catalogue de la Bibliotheque Nationale. T. 40) |
| 316 ## - ПРИМЕЧАНИЯ ОБ ОСОБЕННОСТЯХ ЭКЗЕМПЛЯРА |
| Текст примечания |
Экз. РНБ (18.169.2.228) в черной бумаж. обл. На 1-й с. обл. ярлык с шифром РНБ. На корешке, 1-й и 4-й с. обл. бумаж. голубая наклейка с рукоп. текстом: "Пажи герц. ванд.". На 2-й с. обл. пустой ярлык. На тит.л. рукоп. запись: "44 1388/32-6 з". На обороте тит.л., с.33, 80 круглый штамп ГПБ. Размер: 16,2х9,7х0,8 см. |
| Организация и экземпляр, к которому относится поле |
NLR: 18.169.2.228 |
| 317 ## - ПРИМЕЧАНИЯ О ПРОИСХОЖДЕНИИ ЭКЗЕМПЛЯРА |
| Текст примечания |
Экз. БАН из б-ки А.Ф. Смирдина и из Эрмитаж. б-ки |
| Организация и экземпляр, к которому относится поле |
БАН |
| 321 1# - ПРИМЕЧАНИЯ ОБ ОТДЕЛЬНО ИЗДАННЫХ УКАЗАТЕЛЯХ / РЕФЕРАТАХ / ССЫЛКАХ, ОТРАЖАЮЩИХ КАТАЛОГИЗИРУЕМЫЙ ДОКУМЕНТ |
| Примечания об указателях, рефератах, ссылках |
СК 1801-1825 2500 |
| 518 1# - ЗАГЛАВИЕ В СТАНДАРТНОМ СОВРЕМЕННОМ ПРАВОПИСАНИИ |
| Основное заглавие, вариант заглавия или унифицированное заглавие |
Пажи герцога Вандомского |
| 620 ## - МЕСТО И ДАТА ПУБЛИКАЦИИ, ИСПОЛНЕНИЯ И Т. Д. |
| Город |
Санкт-Петербург |
| 700 #1 - ИМЯ ЛИЦА - ПЕРВИЧНАЯ ОТВЕТСТВЕННОСТЬ |
| Графика поля |
Кириллица |
| Материалы, к которым относится поле |
rus |
| Начальный элемент ввода |
Дьелафуа |
| Часть имени, кроме начального элемента ввода |
М. |
| Даты |
1762-1823 |
| Расширение инициалов личного имени |
Мишель |
| Системный номер авторитетной/нормативной записи |
171000 |
| Идентификатор авторитетной/нормативной записи |
RU\NLR\AUTH\770171050 |
| 701 #1 - ИМЯ ЛИЦА - АЛЬТЕРНАТИВНАЯ ОТВЕТСТВЕННОСТЬ |
| Графика поля |
Кириллица |
| Материалы, к которым относится поле |
rus |
| Начальный элемент ввода |
Жерсен |
| Часть имени, кроме начального элемента ввода |
Н. |
| Даты |
1765-1833 |
| Расширение инициалов личного имени |
Николас |
| Системный номер авторитетной/нормативной записи |
171006 |
| Идентификатор авторитетной/нормативной записи |
RU\NLR\AUTH\770171056 |
| 702 #1 - ИМЯ ЛИЦА - ВТОРИЧНАЯ ОТВЕТСТВЕННОСТЬ |
| Код отношения |
Переводчик |
| Материалы, к которым относится поле |
rus |
| Графика поля |
Кириллица |
| Начальный элемент ввода |
Лизогуб |
| Часть имени, кроме начального элемента ввода |
Я. И. |
| Даты |
ок.1786-ок.1822 |
| Расширение инициалов личного имени |
Яков Иванович |
| Идентификатор авторитетной/нормативной записи |
RU\NLR\AUTH\77116663 |
| Системный номер авторитетной/нормативной записи |
99588 |
| 702 #1 - ИМЯ ЛИЦА - ВТОРИЧНАЯ ОТВЕТСТВЕННОСТЬ |
| Код отношения |
Печатник (типограф) |
| Графика поля |
Кириллица |
| Материалы, к которым относится поле |
rus |
| Начальный элемент ввода |
Иоаннесов |
| Часть имени, кроме начального элемента ввода |
И. И. |
| Даты |
1774-1862 |
| Расширение инициалов личного имени |
Иосиф Иванович |
| Системный номер авторитетной/нормативной записи |
227848 |
| Идентификатор авторитетной/нормативной записи |
RU\NLR\AUTH\770227904 |
| 702 #1 - ИМЯ ЛИЦА - ВТОРИЧНАЯ ОТВЕТСТВЕННОСТЬ |
| Начальный элемент ввода |
Дюпати |
| Часть имени, кроме начального элемента ввода |
Э.М. |
| Даты |
1775-1851 |
| Расширение инициалов личного имени |
Эмман.эль Мерсье |
| Код отношения |
Неподтвержденный автор |
| 702 #1 - ИМЯ ЛИЦА - ВТОРИЧНАЯ ОТВЕТСТВЕННОСТЬ |
| Начальный элемент ввода |
Лизогуб |
| Часть имени, кроме начального элемента ввода |
С.И. |
| Расширение инициалов личного имени |
Софья Ивановна |
| Код отношения |
Объект посвящения |
| 712 00 - НАИМЕНОВАНИЕ ОРГАНИЗАЦИИ - ВТОРИЧНАЯ ОТВЕТСТВЕННОСТЬ |
| Код отношения |
Печатник (типограф) |
| Начальный элемент ввода |
Иоаннесов, |
| Инверсированный элемент |
И., |
| Часть наименования, отличная от начального элемента ввода и от инверсированного элемента |
тип. |
| Идентифицирующий признак |
Петербург |
| Идентификатор авторитетной/нормативной записи |
RU\NLR\AUTH\8810035693 |
| Системный номер авторитетной/нормативной записи |
569812 |
| 790 #1 - ИМЯ ЛИЦА - АЛЬТЕРНАТИВНАЯ ФОРМА |
| Системный номер авторитетной/нормативной записи |
z01700 |
| Начальный элемент ввода |
Диелафуа |
| Часть имени, кроме начального элемента ввода |
М. |
| Расширение инициалов личного имени |
Мишель |
| 801 #0 - ИСТОЧНИК ЗАПИСИ |
| Страна |
российская федерация |
| Организация |
NLR |
| Правила каталогизации |
psbo |
| 801 #1 - ИСТОЧНИК ЗАПИСИ |
| Страна |
российская федерация |
| Организация |
ProSoft-M |
| Источник данных |
rusmarc |
| 801 #2 - ИСТОЧНИК ЗАПИСИ |
| Страна |
российская федерация |
| Организация |
NLR |
| Дата составления |
20150323 |
| Источник данных |
rusmarc |
| 852 ## - МЕСТОНАХОЖДЕНИЕ И ШИФР ХРАНЕНИЯ |
| Идентификатор организации |
NLR |
| Шифр хранения (Call Number) |
18.169.2.228 |
| 852 ## - МЕСТОНАХОЖДЕНИЕ И ШИФР ХРАНЕНИЯ |
| Идентификатор организации |
NLR |
| Шифр хранения (Call Number) |
19.113а.1.114 |
| 899 ## - ДАННЫЕ О МЕСТОНАХОЖДЕНИИ (устаревшее) |
| Местонахождение |
РГБ |
| 899 ## - ДАННЫЕ О МЕСТОНАХОЖДЕНИИ (устаревшее) |
| Местонахождение |
БАН |
| 899 ## - ДАННЫЕ О МЕСТОНАХОЖДЕНИИ (устаревшее) |
| Местонахождение |
МГУ |
| 942 ## - ДОПОЛНИТЕЛЬНЫЕ ЭЛЕМЕНТЫ ЗАПИСИ (АБИС) |
| Тип экземпляра АБИС |
Книга |
| 980 ## - КОЛЛЕКЦИЯ |
| Название коллекции |
Национальная библиография |
| 980 3# - КОЛЛЕКЦИЯ |
| Название коллекции |
РКФ. Не подлежит сканированию |